Leevi and the Leavingsin kappaleet - Statistics

Yleistilastot
  • Tätä visaa on pelattu 28 kertaa
  • Keskiarvotulos 40 / 208
Vastaustilastot
Hint Vastaus % Oikein
Perjantai 14. päivä Pohjois-Karjala
82%
Raparperitaivas Raparperitaivas
82%
Häntä koipien välissä Teuvo, maanteiden kuningas
82%
Häntä koipien välissä Rin Tin Tin
76%
Leevi And The Leavings Kyllikki
71%
Turkmenialainen tyttöystävä Turkmenialainen tyttöystävä
71%
Raha ja rakkaus Poika nimeltä Päivi
65%
Häntä koipien välissä Sopivasti lihava
65%
Raparperitaivas Tikapuut taivaaseen
65%
Varasteleva joulupukki Jossain on kai vielä joulu
59%
Rakkauden planeetta Itkisitkö onnesta?
53%
Suuteleminen kielletty Muotitietoinen
53%
Rakkauden planeetta Vakosamettihousuinen mies
53%
Käärmenäyttely Laura Jenna Ellinoora Alexandra Camilla Jurvanen
47%
Rakkauden planeetta Vasara ja nauloja
47%
Häntä koipien välissä Amalia
41%
Rakkauden planeetta Jouluaattona kännissä
41%
Varasteleva joulupukki Joulukertomus
41%
Käärmenäyttely Matkalla Motowniin
41%
Mies joka toi rock 'n' rollin Suomeen Onnelliset
41%
Häntä koipien välissä Elina, mitä mä teen?
35%
Bulebule Ihanasti sanottu
35%
Musiikkiluokka Jos Helsinki on kaunis
35%
Varasteleva joulupukki Jouluksi mummolaan
35%
Hopeahääpäivä Kaupungin tavoitelluin remonttimies
35%
Leevi And The Leavings Mitä kuuluu, Marja-Leena?
35%
Perjantai 14. päivä Nainen toiselta planeetalta
35%
Turkmenialainen tyttöystävä Toteemipaalu
35%
Musiikkiluokka Unelmia ja toimistohommia
35%
Suuteleminen kielletty Ei se tyttö tule takaisin
29%
Perjantai 14. päivä Elämä ikkunan takana
29%
Kerran elämässä Eldorado
29%
Kerran elämässä Elisenda
29%
Musiikkiluokka Isojen tyttöjen yö
29%
Hopeahääpäivä Jani
29%
Menestyksen salaisuus Jos taivaalta sataisi rahaa
29%
Hopeahääpäivä Karkkipäivä
29%
Perjantai 14. päivä Kiinalaisessa pesulassa
29%
Rakkauden planeetta Koko talvi kesämökillä
29%
Turkmenialainen tyttöystävä Kyyhkynen ja kyykäärme
29%
Rakkauden planeetta Kyykyssä
29%
Bulebule Maallinen vaellus
29%
Raha ja rakkaus Mary Jane
29%
Hopeahääpäivä Matkalla omiin hautajaisiin
29%
Turkmenialainen tyttöystävä Mieletön Melinda
29%
Käärmenäyttely Moottoritiemurhaaja muistelee…
29%
Varasteleva joulupukki Oikein surullista joulua
29%
Musiikkiluokka Pikku Prinsessa
29%
Turkmenialainen tyttöystävä Pohjoisen taivaan alla
29%
Mies joka toi rock 'n' rollin Suomeen Pojat tanssimaan
29%
Rakkauden planeetta Rakkauden työkalu
29%
Kadonnut laakso Rock on, Rudy
29%
Onnen avaimet Tallinnan laivalla
29%
Bulebule Tiskirätti
29%
Häntä koipien välissä Äitisi vietteli minut
24%
Mies joka toi rock 'n' rollin Suomeen Anastasia
24%
Suuteleminen kielletty Carolina
24%
Kerran elämässä Edes kerran elämässä
24%
Häntä koipien välissä Ei mikään Robin Hood
24%
Mies joka toi rock 'n' rollin Suomeen Elämää
24%
Menestyksen salaisuus Elämänmeno
24%
Kerran elämässä Enkelinhöyheniä ikkunalaudalla
24%
Stereogramofoni – Sinkkuelämää vuosien varrelta Etkö näe että tanssin
24%
Keskeneräinen sinfonia Haloo!
24%
Raha ja rakkaus Hannu ja Kerttu
24%
Suuteleminen kielletty Itke en
24%
Varasteleva joulupukki Jerusalem
24%
Suuteleminen kielletty Jos lähdet Laila
24%
Raha ja rakkaus Kaivopuiston kuristaja
24%
Raparperitaivas Kampela
24%
Kadonnut laakso Kaukaisessa satamassa
24%
Musiikkiluokka Keltainen huivi
24%
Mies joka toi rock 'n' rollin Suomeen Kolmen dollarin tähden
24%
Musiikkiluokka Kööpenhamina (teltta ja kamina)
24%
Turkmenialainen tyttöystävä Lumettoman talven tarinoita
24%
Leevi And The Leavings Matkamuistoja
24%
Bulebule Melkein vieraissa
24%
Turkmenialainen tyttöystävä Miesten kesken
24%
Raparperitaivas Miranda
24%
Häntä koipien välissä Mitä mä niillä teen?
24%
Onnen avaimet Mitä sä meinaat
24%
Perjantai 14. päivä Mutta viereesi nukahdan
24%
Onnen avaimet Omenapiirakan makuista huulirasvaa
24%
Raha ja rakkaus Palava rakkaus
24%
Menestyksen salaisuus Paskaa lapsille
24%
Musiikkiluokka Pihlajankukka
24%
Suuteleminen kielletty Pikkutyttö
24%
Raha ja rakkaus Pölyä ja tuhkaa
24%
Musiikkiluokka Postinkantaja
24%
Stereogramofoni – Sinkkuelämää vuosien varrelta Rakas Annika…
24%
Rakkauden planeetta Rakkauden planeetta
24%
Kerran elämässä Rakkauslaulu
24%
Rakkauden planeetta Rei Ban Bombay
24%
Salaiset numerot Rikas, rakas ja yksinäinen
24%
Kerran elämässä Sininen koira
24%
Perjantai 14. päivä Surumetsien talvimorsian
24%
Käärmenäyttely Syntisen kaunis mies
24%
Hopeahääpäivä Toiveunta
24%
Suuteleminen kielletty Tuhannen markan seteli (disco instrumentaali)
24%
Raparperitaivas Tuhkimo Titanicin kannella
24%
Onnen avaimet Tyttöbändi Tikittävä Torpedo
24%
Mies joka toi rock ’n’ rollin Suomeen Tyttö jota rakastan
24%
Kadonnut laakso Uni joka pääty ei
24%
Raparperitaivas Vaaleanpunainen asuntovaunu
24%
Perjantai 14. päivä Viisas talonmies
24%
Kadonnut laakso Yksin ruma tyttö tanssii
24%
Bulebule Aina mielessä
18%
Suuteleminen kielletty Ei tytöt sitä tietää saa
18%
Suuteleminen kielletty Enää ei olla niin kuin ennen
18%
Kadonnut laakso En tahdo sinua enää
18%
Onnen avaimet Esa Pakarisen näköinen nainen
18%
Bulebule Hey come on (ei voi mitään)
18%
Salaiset numerot Hulivili-pojan humppa
18%
Bulebule Ihan tavalliset tennissukat
18%
Stereogramofoni – Sinkkuelämää vuosien varrelta Käärmeensydän
18%
Perjantai 14. päivä Kerro terveiset lapsille
18%
Menestyksen salaisuus Kissanpentu
18%
Hopeahääpäivä Lahopää-Liisa
18%
Kerran elämässä Luokkakokous
18%
Häntä koipien välissä Mäyrä
18%
Turkmenialainen tyttöystävä Muurahaisen munat
18%
Onnen avaimet Nuotioilta parvekkeella
18%
Rakkauden planeetta Sunnuntaiksi San Franciscoon
18%
Rakkauden planeetta Takaisin hiekkalaatikkoon
18%
Perjantai 14. päivä Tiina-Liisa
18%
Musiikkiluokka Vanha koulukuva
18%
Kerran elämässä Voit olla huoleti, Gloria
18%
Bulebule Elämä kuin euroviisu
12%
Bulebule Goan arkki
12%
Varasteleva joulupukki Huomenna on joulu…
12%
Raparperitaivas Jos itken illalla
12%
Käärmenäyttely Lähtölaskenta pieneen sydämeen
12%
Raha ja rakkaus Laineen Pia
12%
Perjantai 14. päivä Marjo-Riitta, rahtarin rakkaus
12%
Perjantai 14. päivä Myöhemmin
12%
Suuteleminen kielletty Neiti Nieminen
12%
Kadonnut laakso Olipa kerran ihminen
12%
Häntä koipien välissä Pimeä tie, mukavaa matkaa
12%
Musiikkiluokka Rooma
12%
Kerran elämässä Soile Söderberg
12%
Käärmenäyttely Andante
6%
Suuteleminen kielletty Anna (ehkä huomenna kaikki on toisin)
6%
Suuteleminen kielletty Hevosella Helsinkiin
6%
Käärmenäyttely Hubaa habaa
6%
Raha ja rakkaus Ihmeiden kaupunki
6%
Bulebule Lihaksikas nainen
6%
Raha ja rakkaus Makeampi makeaa
6%
Mies joka toi rock ’n’ rollin Suomeen Tämä vaikea elämä
6%
Hopeahääpäivä Tulilanka palaa
6%
Onnen avaimet Tyttö jota ei koskaan suudeltu
6%
Hopeahääpäivä Uusi sihteeri
6%
Käärmenäyttely Västerås
6%
Torstai… 40 seuraavaa hittiä 1963 – viisitoista vuotta myöhemmin
0%
Mies joka toi rock ’n’ rollin Suomeen Älä itke, Baby Jane
0%
Raha ja rakkaus Baby Boy
0%
Onnen avaimet Baby-Doll
0%
Suuteleminen kielletty En yksinäinen ollut silloin
0%
Raparperitaivas Eräänä kesäisenä iltana
0%
Salaiset numerot Erämaan salaisuus
0%
Stereogramofoni – Sinkkuelämää vuosien varrelta Etkö näe että tanssin sakset selässä
0%
Bulebule Henkilökohtaista
0%
Perjantai 14. päivä Henry VIII: Tanssi poissaoleville ystäville
0%
Mies joka toi rock 'n' rollin Suomeen Herra presidentti käy kuvauttamassa itsensä ja näkee unenomaisessa näyssä vanhan äitinsä
0%
Stereogramofoni – Sinkkuelämää vuosien varrelta Illan viimeinen tango
0%
Kerran elämässä Jollakseen
0%
Leevi and the leavings Jossain joku vieläkin sua kaipaa
0%
Varasteleva joulupukki Joulu vuosia myöhemmin
0%
Kerran elämässä Kaikki tai ei mitään
0%
Hopeahääpäivä Käsipohjaa
0%
Bulebule Keskellä yötä
0%
Raparperitaivas Köyhän miehen Danny
0%
Turkmenialainen tyttöystävä Kuin jäisellä peltikatolla
0%
Turkmenialainen tyttöystävä Kuudentoista vuoden yhtäjaksoinen sade
0%
Kerran elämässä Kylmänä yönä keskikaupungilla
0%
Kadonnut laakso Lainsuojattomat
0%
Hopeahääpäivä Liikaa sanoja
0%
Rakkauden planeetta Luonnollinen valinta
0%
Mies joka toi rock 'n' rollin Suomeen Mene pois
0%
Kadonnut laakso Näkymättömät kaupungit
0%
Mies joka toi rock 'n' rollin Suomeen Nigger Jonas (palkkionmetsästäjä)
0%
Varasteleva joulupukki Onneksi jouluun on aikaa
0%
Stereogramofoni – Sinkkuelämää vuosien varrelta Pikku Prinsessa ja puoli valtakuntaa
0%
Leevi And The Leavings Preeriaa
0%
Käärmenäyttely Rikki revitty pinta (studio live 29.7.1996)
0%
Kadonnut laakso Sadetanssi
0%
Onnen avaimet Samoissa kengissä
0%
Hopeahääpäivä Sandy
0%
Raparperitaivas Sateisena päivänä
0%
Raparperitaivas Sierra Madren aarre
0%
Kerran elämässä Sika joka osasi lentää siivillään
0%
Kadonnut laakso Siperia
0%
Perjantai 14. päivä Soitinkaupan ikkunassa
0%
Varasteleva joulupukki Soiva jouluyllätys
0%
Perjantai 14. päivä Soledad-2
0%
Suuteleminen kielletty Sua rakastan
0%
Onnen avaimet Suru ja onni
0%
Hopeahääpäivä Sydän etsii kodin itselleen
0%
Varasteleva joulupukki Taas kun joululta näyttää
0%
Onnen avaimet Taivas on Taunuksen takapenkillä
0%
Raparperitaivas Torin laidalla posetiivi ja vanha mies, joka syöttää pulua vaimolleen
0%
Käärmenäyttely Tuhlaajapoika
0%
Käärmenäyttely Tulikuumat pakoputket
0%
Stereogramofoni – Sinkkuelämää vuosien varrelta Tuntematon ystävä
0%
Onnen avaimet Tyttären vaimo
0%
Käärmenäyttely Usein iltaisin
0%
Käärmenäyttely Usvan keskellä
0%
Käärmenäyttely Yksityinen anatomian luento
0%
Turkmenialainen tyttöystävä Yön tuoksut
0%
Ehtoja vastaavia visoja ei löytynyt
Tulosjakauma
Jokaisen tuloksen saaneiden osuus
Persentiili vastausten määrän mukaan
Tuloshistoriasi
Et ole pelannut tätä visaa